India-Japan relations @70: (Record no. 193208)

MARC details
000 -LEADER
fixed length control field 00764nam a22002057a 4500
005 - DATE AND TIME OF LATEST TRANSACTION
control field 20221017173141.0
010 ## - LCCN (DPL NO)
LC control number ENG-135468
020 ## - INTERNATIONAL STANDARD BOOK NUMBER
International Standard Book Number 9789391490065
Terms of availability 1180.00
035 ## - SYSTEM CONTROL NUMBER
System control number EN-119000
037 ## - SOURCE OF ACQUISITION
Source of stock number/acquisition DBAD/PUB
082 ## - DEWEY DECIMAL CLASSIFICATION NUMBER
Classification number 327.54052
245 ## - TITLE STATEMENT
Title India-Japan relations @70:
Remainder of title building beyond the bilateral/
Statement of responsibility, etc ed. by Srabani Roy Choudhary, Sahana Thankachan [and] Parul Bakshi
260 ## - PUBLICATION, DISTRIBUTION, ETC. (IMPRINT)
Place of publication, distribution, etc New Delhi
Name of publisher, distributor, etc KW Publishes pvt. ltd.
Date of publication, distribution, etc 2021
270 ## - ADDRESS
Address 4676/21, first floor, ansari road, daryaganj
City New Delhi
Postal code 110002
Telephone number 011-43528107
Electronic mail address kw@kwpub.in
300 ## - PHYSICAL DESCRIPTION
Extent 363p.
Dimensions 24cm(hbk)
Other physical details Index
700 ## - ADDED ENTRY--PERSONAL NAME
Personal name Choudhury, Srabani Roy
Relator term Editor
700 ## - ADDED ENTRY--PERSONAL NAME
Personal name Thankachan, Sahana
Relator term Editor
700 ## - ADDED ENTRY--PERSONAL NAME
Personal name Bakshi, Parul
Relator term Editor
942 ## - ADDED ENTRY ELEMENTS (KOHA)
Source of classification or shelving scheme Dewey Decimal Classification
Item type English Books
Call number suffix IND
Classification part 327.54052
Holdings
Withdrawn status Lost status Not for loan Collection code Home library Current library Date acquired Source of acquisition Cost, normal purchase price Full call number Barcode Copy number Cost, replacement price Koha item type
      Non-fiction Vinoba Puri Vinoba Puri 17/10/2022 DBAD/PUB 1180.00 327.54052 IND EN-119000 1 1180.00 English Books

© Delhi Public Library
Hit Counter
free hit counter